000 00220nam a2200085 4500
001 1256387
005 20251227132058.0
245 _aALTIN IŞIK'TAN HALK MASALLARI
_cKONYA BÜYÜKŞEHİR BELEDİYESİ
260 _bKÜLTÜR A.Ş
999 _c1256387
_d1256387